Loading...
| History - Other | 0 | 4 | 1 | 2 | 35 | 14 | 67.75 | 1 | 1 | 14.65 | 21.11 |
| History - World | 0 | 3 | 0 | 0 | 30 | 29 | 45.33 | 0 | 2 | 17.38 | 21.11 |
| History - European | 0 | 3 | 0 | 1 | 30 | 27 | 74.00 | 0 | 1 | 9.42 | 11.11 |
| Science - Physics | 0 | 1 | 0 | 0 | 10 | 67 | 67.00 | 0 | 1 | 3.43 | 7.78 |
| Geography | 0 | 1 | 0 | 0 | 10 | 59 | 59.00 | 1 | 1 | 9.56 | 20.00 |
| History - American | 0 | 1 | 0 | 0 | 10 | 47 | 47.00 | 1 | 1 | 5.69 | 10.00 |
| Current Events | 0 | 1 | 0 | 1 | 10 | 97 | 97.00 | 0 | 0 | 2.55 | 11.11 |
| Literature - American | 0 | 1 | 0 | 1 | 10 | 92 | 92.00 | 0 | 0 | 1.71 | 4.44 |
| Mythology | 0 | 1 | 0 | 0 | 10 | 58 | 58.00 | 0 | 1 | 3.83 | 7.78 |
| Popular Culture | 0 | 1 | 0 | 0 | 10 | 89 | 89.00 | 0 | 0 | 4.52 | 8.89 |
| Science - Biology | 0 | 1 | 0 | 0 | 10 | 44 | 44.00 | 0 | 1 | 5.77 | 8.89 |
| Science - Other | 0 | 1 | 0 | 0 | 10 | 32 | 32.00 | 1 | 1 | 7.09 | 10.00 |
| Fine Arts - Classical Music | 0 | 0 | 1 | 0 | -5 | 0.00 | 0 | 0 | 0.00 | 0.00 |